Alphabet morse - Lettres - Statistiques

Statistiques générales
  • Ce quiz a été pris 3 070 fois
  • Le résultat moyen est 16 sur 26
Statistiques - réponses
Lettre en morse Lettre latine % Correct
. E
79%
.- A
77%
--- O
77%
... S
77%
.. I
70%
- T
69%
-.-. C
68%
.... H
68%
-- M
66%
-. N
65%
-... B
63%
-.. D
61%
.-.. L
59%
.-. R
59%
..-. F
58%
.--. P
57%
--. G
56%
.--- J
56%
-.- K
56%
...- V
54%
-..- X
54%
--.- Q
53%
..- U
53%
--.. Z
53%
-.-- Y
49%
.-- W
48%
Aucun quiz correspondant
Distribution des résultats
% des personnes avec chaque résultat
Percentile par nombre de réponses
Votre historique - résultats
Vous n’avez pas pris ce quiz